| 000 | 00924nam a22002777a 4500 | ||
|---|---|---|---|
| 001 | 8708 | ||
| 003 | FISKH | ||
| 005 | 20251013122554.0 | ||
| 008 | 251013b cb ||||| |||| 00| 0 eng d | ||
| 020 | _a9789995094133 | ||
| 040 |
_aFISKH _bkhr _cFISKH _dFISKH |
||
| 082 | _a398.209596 | ||
| 100 | _aSotheary, Kimsun | ||
| 245 |
_aភ្នំប៉ាយ៉ង់កោរ : _bBayong Kor mountain / _cអ្នកស្រី គឹមស៊ុន សុធារី |
||
| 260 |
_aPhnom Penh : _bReading Books , _c2008. |
||
| 300 |
_a44 pages : _bcolor illustrations ; _c25 cm . |
||
| 490 | _aពិភពរឿងនិទាន | ||
| 505 | _aP | ||
| 521 | 8 |
_a650
_bLexile estimate |
|
| 521 | 8 |
_aP
_bRaz-Plus |
|
| 650 | _aភ្នំបាយ៉ង់កោរ | ||
| 650 |
_aBayong Kor mountain _vKhmer folklore |
||
| 700 |
_aSan, Thai _eIllustrator |
||
| 942 |
_2ddc _cKHB _n0 |
||
| 999 |
_c8708 _d8708 |
||